NBA States Quiz - Statistics

General Stats
  • This quiz has been taken 10 times
  • The average score is 26 of 30
Answers on the Map
Answers color-coded by a green-red scale on the quiz's map according to % correct below.
 
Answer Stats
Answer % Correct
Chicago Bulls
100%
Denver Nuggets
100%
Golden State Warriors
100%
Los Angeles Lakers
100%
Miami Heat
100%
Orlando Magic
100%
Toronto Raptors
100%
Atlanta Hawks
90%
Boston Celtics
90%
Brooklyn Nets
90%
Charlotte Hornets
90%
Cleveland Cavaliers
90%
Dallas Mavericks
90%
Detroit Pistons
90%
Houston Rockets
90%
Indiana Pacers
90%
New York Knicks
90%
Oklahoma City Thunder
90%
Philadelphia 76ers
90%
Phoenix Suns
90%
Los Angeles Clippers
80%
Memphis Grizzlies
80%
Milwaukee Bucks
80%
Minnesota Timberwolves
80%
New Orleans Pelicans
80%
Portland Trailblazers
80%
San Antonio Spurs
80%
Utah Jazz
80%
Sacramento Kings
70%
Washington Wizards
60%
No matching quizzes found
Score Distribution
Percent of People with Each Score
Percentile by Number Answered
Your Score History
You have not taken this quiz